| 000 | 01395cam a2200361 a 4500 | ||
|---|---|---|---|
| 003 | CHAP | ||
| 005 | 20220329142939.0 | ||
| 008 | 050404d2004 mx 00010 spa d | ||
| 010 | _a89980 | ||
| 011 | _a90952 | ||
| 020 | _a9680201082 | ||
| 035 | _a101509 | ||
| 040 | _cCHAP | ||
| 090 | _aCD-153 | ||
| 100 | 0 | 0 |
_aCuevas Sánchez, Jesús Axayácatl _eed. _930185 |
| 245 | 1 | 0 |
_aBanco nacional de germoplasma vegetal : El jardín agrobotánico (disco compacto) _c/ed. por Jesús Axayacatl Cuevas Sánchez, Iván Ricardo Cuevas Sánchez y José Guadalupe Alvarez Moctezuma |
| 260 |
_aChapingo, Méx. : _bUACH. Centro Regional Universitario de la Península de Yucatán, _c2004. |
||
| 300 |
_a1 disco compacto _c4 3/4 plgs. |
||
| 590 |
_aBATCH-UPD _b10 _c20130110 _lUCH01 _h0714 |
||
| 590 |
_aBATCH-UPD _b10 _c20130410 _lUCH01 _h0359 |
||
| 590 |
_aBATCH-UPD _b10 _c20130914 _lUCH01 _h1002 |
||
| 590 |
_aCONVERSION _b10 _c20130109 _lUCH01 _h1350 |
||
| 650 | 1 | 4 |
_aColecciones de material genético. _924659 |
| 650 | 1 | 4 |
_aGermoplasma. _947766 |
| 650 | 1 | 4 |
_aRecursos genéticos _xConservación. _995081 |
| 700 | 0 |
_aÁlvarez Moctezuma, José Guadalupe _eed. _982415 |
|
| 700 | 0 |
_aCuevas Sánchez, Iván Ricardo _eed. _930184 |
|
| 901 | _aBK | ||
| 905 | _aLilia | ||
| 942 | _cCD | ||
| 949 |
_aCD-153 _bBC _cCD _d33724000953824 _eCD _i101509 _sb |
||
| 949 |
_aCD-153 _bBC _cCD _d33724000953881 _eCD _fc.2 _i101509 _sb |
||
| 999 |
_c89980 _d89980 |
||